000 00636nam a2200253Ia 4500
003 OSt
005 20221006144912.0
006 a|||||r|||| 00| 0
007 ta
008 221006b |||||||| |||| 00| 0 eng d
020 _cP3.75
024 _a13,126
037 _cTextual
040 _aEASL
_cEASL
_beng
041 _2eng
_aeng
082 _aV41(B9).D, K0
100 _aNEEDHAM Joseph
245 0 _aHeavenly clock work
260 _aCambridge
_bAt the University Press
_c1960
300 _a253p.
_ccm.
490 _v CEL
942 _hV41(B9).D, K0
_cTEXL
_2CC
999 _c1081212
_d1081212